000 00314nam a2200121 a 4500
005 20140414131850.0
008 100728s19uu xx 00 eng d
050 _aM 567.9
_bD64 1987
100 _aDixon, Dougal
245 _aThe jurassic dinosaurs.
260 _aNew York :
_bScholastic ,
_c1987.
999 _c110139
_d110139